|
|
|
|
| LEADER |
01587nam a2200409 a 4500 |
| 001 |
EBC3339426 |
| 003 |
MiAaPQ |
| 005 |
20200520144314.0 |
| 006 |
m o d | |
| 007 |
cr cn||||||||| |
| 008 |
111003s2012 maua sb 001 0 eng d |
| 010 |
|
|
|z 2011039214
|
| 020 |
|
|
|z 9780262017480 (hardcover alk. paper)
|
| 020 |
|
|
|a 9780262301305 (electronic bk.)
|
| 035 |
|
|
|a (MiAaPQ)EBC3339426
|
| 035 |
|
|
|a (Au-PeEL)EBL3339426
|
| 035 |
|
|
|a (CaPaEBR)ebr10553708
|
| 035 |
|
|
|a (CaONFJC)MIL359462
|
| 035 |
|
|
|a (OCoLC)793520520
|
| 040 |
|
|
|a MiAaPQ
|c MiAaPQ
|d MiAaPQ
|
| 043 |
|
|
|a n-us---
|
| 050 |
|
4 |
|a HD8039.H542
|b U654 2012
|
| 082 |
0 |
4 |
|a 331.700973
|2 23
|
| 100 |
1 |
|
|a Neff, Gina,
|d 1971-
|
| 245 |
1 |
0 |
|a Venture labor
|h [electronic resource] :
|b work and the burden of risk in innovative industries /
|c Gina Neff.
|
| 260 |
|
|
|a Cambridge, Mass. :
|b MIT Press,
|c c2012.
|
| 300 |
|
|
|a xiii, 195 p. :
|b ill.
|
| 490 |
1 |
|
|a Acting with technology
|
| 504 |
|
|
|a Includes bibliographical references and index.
|
| 533 |
|
|
|a Electronic reproduction. Ann Arbor, MI : ProQuest, 2015. Available via World Wide Web. Access may be limited to ProQuest affiliated libraries.
|
| 650 |
|
0 |
|a High technology industries
|z United States
|x Employees.
|
| 650 |
|
0 |
|a High technology industries
|z United States
|x Management.
|
| 650 |
|
0 |
|a Technological innovations
|x Economic aspects
|z United States.
|
| 655 |
|
4 |
|a Electronic books.
|
| 710 |
2 |
|
|a ProQuest (Firm)
|
| 830 |
|
0 |
|a Acting with technology.
|
| 856 |
4 |
0 |
|u https://ebookcentral.proquest.com/lib/matrademy/detail.action?docID=3339426
|z Click to View
|